01120 2200277 4500001002100000005001500021035002000036007000300056008004100059020002200100082001800122084002400140100002900164245002700193250001400220300003700234650002900271700002100300520039600321264003000717336002100747337002900768338002300797990001100820990001100831INLIS00000000002226820241218112402 a0010-1224000062ta241218 j 0 ind  a978-623-7071-85-3 aA 398.259 824 aA 398.259 824 TIM a0 aTim S.M.I.L.EePengarang1 aAsal Usul Nama Cianjur aCetakan 1 a30 halaman :bIlustrasi ;c20 cm 4aCerita Rakyat Jawa Barat0 aAndeeIlustrator aTerdapat macam-macam cerita rakyat yang ada di Indonesia. Hal ini dikarnakan Indonesia merupakan negara yang memiliki banyak sekali warisan budaya, masing-masing tiap propinsi di Indonesia menceritakan suatu tempat dan asal muasal tokoh-tokoh yang dimunculkan dalam cerita tersebut, oleh karna itu, pentingnya sebagai generasi berikutnya untuk terus melestarikan budaya yang ada di Indonesia aYogyakarta :bKyta,c2020 2rdacontentaTeks 2rdamediaaTanpa Prantara 2rdacarrieraLembar a077430 a077431